000 00659nam a2200217Ii 4500
003 JO-AjNU
008 230605s9999||||xx |||||||||||||| ||und||
017 _a4696/78
020 _a977-316-291-5
040 _aJO-AjNU
_bara
_erda
_cJO-AjNU
041 _aara
050 1 4 _aPJ7852.A54 H55 1978
100 3 _aمحفوظ، نجيب,
_eauthor
_920863
245 0 0 _aحكاية بلا بداية ولا نهاية
264 3 1 _aالقاهرة: مكتبة مصر، 1978
300 _a284ص
336 _atext
_btxt
_2rdacontent
337 _aunmediated
_bn
_2rdamedia
338 _avolume
_bnc
_2rdacarrier
650 4 _aالقصص العربية - مصر
_920864
999 _aA7150
_c10718
_d10718